عرض عادي عرض مارك
  • Saudi Students Conference

مدخل إسم مؤتمر

عدد التسجيلات المستخدمة في: 1

001 - رقم الضبط

  • حقل الضبط: 114522

003 - معرف رقم الضبط

  • حقل الضبط: OSt

005 - تاريخ ووقت أخر عملية

  • حقل الضبط: 20221218105617.0

008 - عناصر بيانات ثابتة الطول

  • حقل تحكم ثابت الطول: 221218|| aca||aabn | a|a d

040 ## - مصدر الفهرسة

  • هيئة الفهرسة الأصلية: OSt
  • وكالة الكتابة: OSt

111 ## - مدخل -- اسم مؤتمر

  • اسم الملتقي او اسم السلطه كعنصر مدخل: Saudi Students Conference
  • تاريخ المؤتمر: 2015 :
  • مكان الملتقي: Imperial College London)

670 ## - بيانات المصدر موجوده

  • الاستشهاد بالمصدر: Work cat.: (OSt)0: Saudi Students Conference 2015 : Imperial College London), Proceedings of the Eighth Saudi Students Conference in the UK /, 2016